00822cam a22002291 4500001001300000003000400013005001700017008004100034010001700075035001900092040004400111050002200155100004200177245011100219260003100330300006900361490005900430504003200489650002600521650002800547999001700575gs 28000258 DLC20260227111332.0780124s1928 xx 000 0 eng c ags 28000258  a(OCoLC)3577607 aLibrary, U.S. GeologicalcOTdABAUdDLC00aQE129b.A2 no. 211 aGrim, Ralph E.q(Ralph Early),d1902-10aRecent oil and gas prospecting in Mississippi with a brief study of subsurface geology,cby Ralph E. Grim. a[University, Miss.]c1928. a98 p. incl. maps, tables, diagrs.b2 fold. pl. (diagrs.)c23 cm.0 aMississippi. State geological survey. Bulletinvno. 21 aBibliographical references. 0aGeologyzMississippi. 0aPetroleumzMississippi. c26653d26653